[Event "Titled Tuesday intern op 02nd Apr Early"]
[Site "Chess.com INT"]
[Date "2024.04.02"]
[Round "2"]
[White "Ilinca Ilinca, Felix Antonio"]
[Black "Srivatsan, Karthikeyan"]
[Result "1-0"]
[WhiteElo "2371"]
[BlackElo "1841"]
[PlyCount "69"]
[EventDate "2024.04.02"]
[EventType "swiss (blitz)"]
[EventRounds "11"]
[EventCountry "USA"]
[SourceTitle "CB15_2024"]
[SourceDate "2024.04.10"]
[SourceVersion "1"]
[SourceVersionDate "2024.04.10"]
[SourceQuality "1"]

1. d4 Nf6 2. Nc3 d5 3. Bf4 e6 4. e3 Bd6 5. Bd3 Bxf4 6. exf4 c5 7. dxc5 Qa5 8. Nf3 Qxc5 9. Qd2 Nc6 10. Nb5 0-0 11. c3 a6 12. Nbd4 Rd8 13. 0-0 b5 14. Rfe1 Bb7 15. Ne5 Ne4 16. Qe3 Nxe5 17. fxe5 Qc7 18. f3 Nc5 19. Bc2 Rac8 20. Rad1 Nd7 21. Qf4 Nf8 22. h4 Ng6 23. Qg3 Nf8 24. h5 h6 25. f4 b4 26. cxb4 Qb6 27. Kh2 Qxb4 28. f5 exf5 29. Nxf5 Ne6 30. Bd3 Qf4 31. Qxf4 Nxf4 32. Ne7+ Kf8 33. Nxc8 Rxc8 34. Bf5 Rc2 35. Bxc2 1-0

[Event "Titled Tuesday intern op 16th Jan Early"]
[Site "Chess.com INT"]
[Date "2024.01.16"]
[Round "4"]
[White "Reprintsev, Alexander"]
[Black "Srivatsan, Karthikeyan"]
[Result "1-0"]
[WhiteElo "2234"]
[BlackElo "1813"]
[PlyCount "53"]
[EventDate "2024.01.16"]
[EventType "swiss (blitz)"]
[EventRounds "11"]
[EventCountry "USA"]
[SourceTitle "CB04_2024"]
[SourceDate "2023.10.16"]
[SourceVersion "1"]
[SourceVersionDate "2023.10.16"]
[SourceQuality "1"]

1. e4 e5 2. Nf3 Nc6 3. Bc4 Bc5 4. b4 Bxb4 5. c3 Ba5 6. d4 exd4 7. Qb3 Qe7 8. 0-0 d6 9. cxd4 Nf6 10. d5 Ne5 11. Nxe5 Qxe5 12. Bb2 Qxe4 13. Qa4+ Bd7 14. Qxa5 Qxc4 15. Bxf6 gxf6 16. Re1+ Kd8 17. Nd2 Qc5 18. Qxc5 dxc5 19. Ne4 b6 20. Nxf6 h5 21. Re3 Rh6 22. Rf3 a5 23. h4 a4 24. Re1 a3 25. Ree3 Ra4 26. g3 Bg4 27. Re8# 1-0

[Event "Titled Tuesday intern op 19th Dec Early"]
[Site "Chess.com INT"]
[Date "2023.12.19"]
[Round "1"]
[White "Novikov, Evgenij"]
[Black "Srivatsan, Karthikeyan"]
[Result "1-0"]
[WhiteElo "2276"]
[BlackElo "1813"]
[PlyCount "29"]
[EventDate "2023.12.19"]
[EventType "swiss (blitz)"]
[EventRounds "11"]
[EventCountry "USA"]
[SourceTitle "CB52_2023"]
[SourceDate "2023.12.27"]
[SourceVersion "1"]
[SourceVersionDate "2023.12.27"]
[SourceQuality "1"]

1. d4 Nf6 2. c4 e6 3. Nc3 Bb4 4. e3 0-0 5. Nge2 d5 6. a3 Be7 7. Ng3 c5 8. cxd5 exd5 9. Be2 Nbd7 10. 0-0 Re8 11. Bf3 Nb6 12. dxc5 Bxc5 13. b4 Bf8 14. Bb2 Be6 15. Nb5 1-0

[Event "Speed Chess Q2 Sw"]
[Site "Chess.com INT"]
[Date "2023.08.23"]
[Round "2"]
[White "Srivatsan, Karthikeyan"]
[Black "Geivondian, Arman"]
[Result "0-1"]
[WhiteElo "1813"]
[BlackElo "2306"]
[PlyCount "72"]
[EventDate "2023.08.23"]
[EventType "swiss (blitz)"]
[EventRounds "14"]
[EventCountry "USA"]
[SourceTitle "CBM 215 Extra"]
[Source "ChessBase"]
[SourceDate "2023.09.30"]
[SourceVersion "1"]
[SourceVersionDate "2023.09.30"]
[SourceQuality "1"]

1. e4 c5 2. Nf3 e6 3. d4 cxd4 4. Nxd4 Nc6 5. c4 Nf6 6. Nc3 Bb4 7. Nxc6 bxc6 8. Bd3 0-0 9. 0-0 e5 10. h3 a5 11. a3 Be7 12. Kh1 Ba6 13. f4 exf4 14. Bxf4 d6 15. Qc2 Nd7 16. Rad1 Ne5 17. Bxe5 dxe5 18. Qe2 Qc7 19. Bc2 Rad8 20. Bd3 Bc5 21. Na4 Bd4 22. c5 Bxd3 23. Rxd3 Qb7 24. Rfd1 Rde8 25. Qc2 Re6 26. Nb6 Rg6 27. Rxd4 exd4 28. Rxd4 Qe7 29. Rd7 Qe5 30. Ra7 Rd8 31. Rxa5 Rf6 32. Qe2 h5 33. Nc4 Qg3 34. Ne3 Rf2 35. Qe1 Rd3 36. Ra8+ Kh7 0-1

[Event "Speed Chess Q2 Sw"]
[Site "Chess.com INT"]
[Date "2023.08.23"]
[Round "5"]
[White "Srivatsan, Karthikeyan"]
[Black "Hajiyev, Kanan"]
[Result "0-1"]
[WhiteElo "1813"]
[BlackElo "2109"]
[PlyCount "96"]
[EventDate "2023.08.23"]
[EventType "swiss (blitz)"]
[EventRounds "14"]
[EventCountry "USA"]
[SourceTitle "CBM 215 Extra"]
[Source "ChessBase"]
[SourceDate "2023.09.30"]
[SourceVersion "1"]
[SourceVersionDate "2023.09.30"]
[SourceQuality "1"]

1. e4 c6 2. d4 d5 3. e5 a6 4. Nd2 Bf5 5. Nb3 e6 6. Nf3 c5 7. dxc5 Bxc5 8. Nxc5 Qa5+ 9. c3 Qxc5 10. Be3 Qc7 11. Bd3 Ne7 12. 0-0 Nbc6 13. Bf4 0-0 14. Re1 Bxd3 15. Qxd3 Ng6 16. Bg3 b5 17. h4 h6 18. h5 Nge7 19. Qe3 Nf5 20. Qf4 Na5 21. Rac1 Qc4 22. b3 Qxf4 23. Bxf4 Rac8 24. Nd4 Nxd4 25. cxd4 Rc6 26. Bd2 Rfc8 27. Rxc6 Nxc6 28. Rc1 Kf8 29. g4 Ke7 30. Be3 Kd7 31. a4 Na5 32. Rxc8 Kxc8 33. axb5 axb5 34. b4 Nc6 35. Bd2 Nxd4 36. Kg2 Kd7 37. g5 hxg5 38. Bxg5 Nc6 39. f4 Ke8 40. Kf3 Nxb4 41. Ke3 Nc6 42. Kd3 Kf8 43. h6 gxh6 44. Bxh6+ Kg8 45. Bg5 Kh7 46. Kc3 Kg6 47. Kd3 Kf5 48. Kc3 Ke4 0-1

[Event "Titled Tuesday intern op 08th Aug Early"]
[Site "Chess.com INT"]
[Date "2023.08.08"]
[Round "5"]
[White "Pinero Rodriguez, Carlos Jose"]
[Black "Srivatsan, Karthikeyan"]
[Result "0-1"]
[WhiteElo "2246"]
[BlackElo "1813"]
[PlyCount "50"]
[EventDate "2023.08.08"]
[EventType "swiss (blitz)"]
[EventRounds "11"]
[EventCountry "USA"]
[SourceTitle "EXT 2024"]
[Source "ChessBase"]
[SourceDate "2023.10.10"]
[SourceVersion "1"]
[SourceVersionDate "2023.10.10"]
[SourceQuality "1"]

1. e4 e5 2. Nf3 Nc6 3. Bc4 Bc5 4. d4 Bxd4 5. Nxd4 Nxd4 6. 0-0 Nf6 7. f4 d6 8. fxe5 dxe5 9. Bg5 Qe7 10. Nc3 Qc5 11. Bxf7+ Kxf7 12. Qh5+ Ke7 13. Bxf6+ gxf6 14. Nd5+ Kd6 15. Rxf6+ Be6 16. Kh1 c6 17. c4 cxd5 18. cxd5 Rhf8 19. Rh6 Qc4 20. Qd1 Rf2 21. dxe6 Raf8 22. e7+ Kxe7 23. Rxh7+ Kd8 24. Rh8 Rxh8 25. Qg4 Rf1+ 0-1

[Event "Titled Tuesday intern op 01st Aug Early"]
[Site "Chess.com INT"]
[Date "2023.08.01"]
[Round "1"]
[White "Srivatsan, Karthikeyan"]
[Black "Ibadov, Dashgyn"]
[Result "0-1"]
[WhiteElo "1813"]
[BlackElo "2360"]
[PlyCount "118"]
[EventDate "2023.08.01"]
[EventType "swiss (blitz)"]
[EventRounds "11"]
[EventCountry "USA"]
[SourceTitle "EXT 2024"]
[Source "ChessBase"]
[SourceDate "2023.10.10"]
[SourceVersion "1"]
[SourceVersionDate "2023.10.10"]
[SourceQuality "1"]

1. e4 e6 2. d4 d5 3. exd5 exd5 4. Bd3 c5 5. c3 Nf6 6. Ne2 Bd6 7. h3 0-0 8. 0-0 Nc6 9. Bg5 h6 10. Bh4 Re8 11. Nd2 cxd4 12. cxd4 Be6 13. f4 Be7 14. Nf3 Ne4 15. Bxe7 Qxe7 16. Nc3 Nxc3 17. bxc3 Qd6 18. Ne5 f6 19. Nxc6 Qxc6 20. Qb3 a6 21. Rac1 Bf7 22. Rfe1 b5 23. Kf2 Qd6 24. g3 Be6 25. f5 Bd7 26. Rxe8+ Rxe8 27. Re1 Rxe1 28. Kxe1 Qxg3+ 29. Kd2 Qf2+ 30. Kc1 Qf3 31. Kd2 Bxf5 32. Bxf5 Qxf5 33. a4 Qd7 34. axb5 axb5 35. Qa3 Kh7 36. Qc5 f5 37. Qf8 Qe6 38. h4 Qe4 39. h5 f4 40. Qf7 f3 41. Kc1 Qg4 42. Kb2 b4 43. cxb4 Qxd4+ 44. Kb3 Qd3+ 45. Ka4 Qa6+ 46. Kb3 Qf6 47. Qxd5 f2 48. Qd3+ Kg8 49. Qf1 Qf3+ 50. Ka4 Qe3 51. Qc4+ Kf8 52. Qc8+ Kf7 53. Qc7+ Kf6 54. Qd6+ Kg5 55. Qd5+ Kg4 56. Qg2+ Kxh5 57. b5 Qf4+ 58. Ka5 f1Q 59. Qd5+ Qf5 0-1

[Event "Paracin op 16th"]
[Site "Paracin"]
[Date "2023.07.08"]
[Round "3"]
[White "Srivatsan, Karthikeyan"]
[Black "Cuzovic, Ognjen"]
[Result "1/2-1/2"]
[WhiteElo "1929"]
[BlackElo "2117"]
[PlyCount "90"]
[EventDate "2023.07.07"]
[EventType "swiss"]
[EventRounds "9"]
[EventCountry "SRB"]
[SourceTitle "EXT 2024"]
[Source "ChessBase"]
[SourceDate "2023.10.10"]
[SourceVersion "1"]
[SourceVersionDate "2023.10.10"]
[SourceQuality "1"]

1. e4 c6 2. d4 d5 3. e5 Bf5 4. Nd2 e6 5. Nb3 Nd7 6. Nf3 a6 7. Be2 c5 8. dxc5 Nxc5 9. Nfd4 Bg6 10. 0-0 Qc7 11. f4 Nxb3 12. axb3 Bc5 13. c3 Ne7 14. Kh1 0-0 15. Be3 Nf5 16. Nxf5 Bxf5 17. Bxc5 Qxc5 18. Bd3 Bxd3 19. Qxd3 Rfd8 20. Ra4 Rac8 21. Rd4 Qc7 22. Rd1 Rd7 23. h3 g6 24. Qf3 Rcd8 25. g4 b5 26. Re1 Qa5 27. f5 Rf8 28. f6 h6 29. g5 Qa2 30. Rh4 Qxb2 31. Rxh6 Qxb3 32. Qd3 Qc4 33. Rxg6+ fxg6 34. Qxg6+ Kh8 35. Qh6+ Kg8 36. g6 Qd3 37. Kg2 Qc2+ 38. Kg3 Qxc3+ 39. Re3 Qc1 40. g7 Qg1+ 41. Kh4 Rxg7 42. fxg7 Qf2+ 43. Kg4 Qf5+ 44. Kg3 Qf2+ 45. Kg4 Qf5+ 1/2-1/2

[Event "Veliko Gradiste Silver Lake op-A"]
[Site "Veliko Gradiste"]
[Date "2023.06.23"]
[Round "7"]
[White "Pogorelskikh, Sofia"]
[Black "Srivatsan, Karthikeyan"]
[Result "1-0"]
[WhiteElo "2226"]
[BlackElo "2001"]
[PlyCount "87"]
[EventDate "2023.06.18"]
[EventType "swiss"]
[EventRounds "9"]
[EventCountry "SRB"]
[SourceTitle "CBM 215 Extra"]
[Source "ChessBase"]
[SourceDate "2023.09.30"]
[SourceVersion "1"]
[SourceVersionDate "2023.09.30"]
[SourceQuality "1"]

1. e4 e5 2. Nf3 Nc6 3. Bb5 a6 4. Ba4 Nf6 5. 0-0 Be7 6. Re1 b5 7. Bb3 d6 8. c3 0-0 9. h3 Na5 10. Bc2 c5 11. d4 Qc7 12. Nbd2 cxd4 13. cxd4 Bb7 14. Nf1 Rac8 15. Bd3 exd4 16. Nxd4 d5 17. e5 Ne4 18. Bf4 Bc5 19. Bxe4 dxe4 20. Nf5 f6 21. Qg4 fxe5 22. Be3 Bxe3 23. N1xe3 Rf6 24. Rac1 Qf7 25. Rxc8+ Bxc8 26. Nh6+ Rxh6 27. Qxc8+ Qf8 28. Qc2 Qb4 29. Qc8+ Qf8 30. Qg4 Qf4 31. Nf5 Rg6 32. Ne7+ Kf7 33. Nxg6 hxg6 34. Qd7+ Kf6 35. Qd8+ Kf5 36. Qxa5 b4 37. Qxb4 a5 38. g4+ Kg5 39. Qxe4 a4 40. Qxe5+ Qxe5 41. Rxe5+ Kh4 42. Kg2 a3 43. bxa3 g5 44. Re8 1-0

[Event "Titled Tuesday intern op 13th Jun Late"]
[Site "Chess.com INT"]
[Date "2023.06.13"]
[Round "4"]
[White "Gerbelli Neto, Eduardo"]
[Black "Srivatsan, Karthikeyan"]
[Result "1-0"]
[WhiteElo "2114"]
[BlackElo "2001"]
[PlyCount "37"]
[EventDate "2023.06.13"]
[EventType "swiss (blitz)"]
[EventRounds "11"]
[EventCountry "USA"]
[SourceTitle "EXT 2024"]
[Source "ChessBase"]
[SourceDate "2023.10.10"]
[SourceVersion "1"]
[SourceVersionDate "2023.10.10"]
[SourceQuality "1"]

1. e4 e5 2. Nf3 Nc6 3. d4 exd4 4. Bc4 Nf6 5. e5 Ng4 6. Bf4 g5 7. Bxg5 Be7 8. Bf4 d5 9. exd6 Bxd6 10. Qe2+ Qe7 11. Bxd6 Qxe2+ 12. Bxe2 cxd6 13. Na3 Nge5 14. 0-0-0 Bf5 15. Nb5 0-0 16. Nfxd4 Nxd4 17. Rxd4 Rac8 18. c3 Rfe8 19. Nxd6 1-0

[Event "Titled Tuesday intern op 06th Jun Early"]
[Site "Chess.com INT"]
[Date "2023.06.06"]
[Round "2"]
[White "Srivatsan, Karthikeyan"]
[Black "Darini, Pouria"]
[Result "0-1"]
[WhiteElo "2001"]
[BlackElo "2401"]
[PlyCount "80"]
[EventDate "2023.06.06"]
[EventType "swiss (blitz)"]
[EventRounds "11"]
[EventCountry "USA"]
[SourceTitle "EXT 2024"]
[Source "ChessBase"]
[SourceDate "2023.10.10"]
[SourceVersion "1"]
[SourceVersionDate "2023.10.10"]
[SourceQuality "1"]

1. e4 c5 2. Nf3 Nc6 3. d4 cxd4 4. Nxd4 Nf6 5. f3 e5 6. Nb5 d6 7. c4 Be7 8. N1c3 a6 9. Na3 0-0 10. Be3 Be6 11. Be2 Rc8 12. 0-0 Nd4 13. Bxd4 exd4 14. Nd5 Bxd5 15. cxd5 Nd7 16. Qxd4 Bf6 17. Qb4 Qb6+ 18. Qxb6 Nxb6 19. Rab1 Rc5 20. b3 Ra5 21. Nc4 Rxa2 22. Nxb6 Bd4+ 23. Kh1 Bxb6 24. Bc4 Rc8 25. Rfc1 Be3 26. Re1 Bd4 27. Red1 Be5 28. Rdc1 g5 29. Rd1 b5 30. Bd3 Rc3 31. Bf1 h5 32. Rdc1 b4 33. Bc4 a5 34. Rd1 a4 35. Rdc1 a3 36. Rd1 Rcc2 37. Bf1 Rab2 38. Ra1 a2 39. Rdc1 Rxc1 40. Rxc1 Rb1 0-1

[Event "Asia-ch Amateur"]
[Site "Muscat"]
[Date "2022.10.03"]
[Round "7"]
[White "Srivatsan, Karthikeyan"]
[Black "Dadabaev, Janybek"]
[Result "1-0"]
[WhiteElo "1711"]
[BlackElo "1902"]
[PlyCount "75"]
[EventDate "2022.09.29"]
[EventType "swiss"]
[EventRounds "9"]
[EventCountry "OMN"]
[SourceTitle "CBM 210 Extra"]
[Source "ChessBase"]
[SourceDate "2022.11.30"]
[SourceVersion "1"]
[SourceVersionDate "2022.11.30"]
[SourceQuality "1"]

1. e4 c5 2. Nf3 Nc6 3. d4 cxd4 4. Nxd4 Nf6 5. f3 e5 6. Nb5 a6 7. Nd6+ Bxd6 8. Qxd6 Qe7 9. Qxe7+ Kxe7 10. c4 b5 11. Be3 bxc4 12. Bxc4 Rb8 13. Nd2 d6 14. b3 Be6 15. 0-0 Rhc8 16. Bxa6 Rd8 17. Rfc1 Nb4 18. Be2 Rdc8 19. a3 Nc2 20. Rxc2 Rxc2 21. b4 d5 22. Bd1 Rc3 23. Bc5+ Ke8 24. Bd6 Ra8 25. b5 Nd7 26. Bb4 Rc7 27. a4 Rac8 28. Ba3 Rc3 29. Kf1 d4 30. a5 Rd3 31. Bb4 Rxd2 32. Bxd2 Bc4+ 33. Ke1 Bxb5 34. Bb4 Rc4 35. Rb1 d3 36. Kd2 Nc5 37. Bxc5 Rxc5 38. Rxb5 1-0

[Event "OMA-chT Clubs"]
[Site "Muscat"]
[Date "2022.09.02"]
[Round "9.1"]
[White "Srivatsan, Karthikeyan"]
[Black "Velavaa, Ragavesh"]
[Result "0-1"]
[WhiteElo "1529"]
[BlackElo "1458"]
[PlyCount "55"]
[EventDate "2022.08.26"]
[EventType "team-swiss"]
[EventRounds "9"]
[EventCountry "OMN"]
[SourceTitle "EXT 2023"]
[Source "ChessBase"]
[SourceDate "2022.10.05"]
[SourceVersion "1"]
[SourceVersionDate "2022.10.05"]
[SourceQuality "1"]
[WhiteTeam "Masirah Blue"]
[BlackTeam "Al Suwaiq"]
[WhiteTeamCountry "OMN"]
[BlackTeamCountry "OMN"]

1. d4 g6 2. Bf4 Bg7 3. Nc3 e6 4. e4 Ne7 5. Qd2 0-0 6. h4 h5 7. Bh6 d5 8. Bxg7 Kxg7 9. 0-0-0 b6 10. g4 hxg4 11. h5 Rh8 12. Bg2 Rxh5 13. Rxh5 gxh5 14. Qg5+ Kf8 15. Qxh5 Ng6 16. e5 Nc6 17. f3 Qh4 18. fxg4 Ba6 19. Nf3 Qxh5 20. gxh5 Nf4 21. Rg1 Ke7 22. h6 Rh8 23. Bf1 Bxf1 24. Rxf1 Rxh6 25. Kd2 a6 26. Ke3 Ng6 27. Ng5 f5 28. exf6+ 0-1